000 01112nam a2200253 i 4500
001 158959
003 ES-MaACL
005 20240228213523.0
008 950412s1857 sp |||| | spa d
080 _a94(460)"1474/1516"
080 _a94(460)"1516/1700"
080 _a94(460)"1700/..."
100 1 _aMartínez de la Rosa, Francisco,
_d1787-1862
_978009
245 1 0 _aBosquejo histórico de la política de España :
_bdesde los tiempos de los Reyes Católicos hasta nuestros días /
_cpor Don Francisco Martínez de la Rosa.
260 _aMadrid :
_b[s.n.],
_c1857 (
_fImp. y Estereotipia de M. Rivadeneyra)
300 _a2 v. (VIII, 271 ; 404 p.) ;
_c19 cm.
530 _aDisponible en formato digital.
651 4 _aEspaña-
_xHistoria-
_y1474-1516, Reyes Católicos.
_98222
651 4 _aEspaña-
_xHistoria-
_y1516-1700, Casa de Austria
_98228
651 4 _aEspaña-
_xHistoria-
_y1700-, Casa de Borbón.
_9139051
852 _aES-MaACL
_jG-10266-67
_z- Enc. hol.
856 _uhttp://bdh-rd.bne.es/viewer.vm?id=0000010536&page=1
_zBiblioteca Digital Hispánica
999 _c158959
_d158959